| 000 | 00523nab a2200145 4500 | ||
|---|---|---|---|
| 003 | ES-SlBCS | ||
| 005 | 20210327231206.0 | ||
| 008 | 141106s2014 br ||||| |||| 00| 0 por d | ||
| 040 |
_aES-SlBCS _bspa |
||
| 100 | 1 |
_aCampos, Névio de _9406970 |
|
| 245 | 1 | 0 |
_aIntelectuais católicos _b: Confidentes do criador, ministros do progresso e sacerdotes da verdade _cNévio de Campos |
| 650 | 0 | 4 |
_aIntelectuales _9117487 |
| 773 | 0 |
_gVol. 28, Nº 55, 2014, págs. 281-312 _tEducaçao e Filosofia _wRev1534 _x0102-6801 |
|
| 942 |
_2lcc _cAR |
||
| 999 |
_c849485 _d849485 |
||